00445nam a2200169 a 4500001001300000003000900013005001700022008004100039020000800080082001500088100002000103245006400123260003300187300001000220500003500230505001000265nice12345678IN_TiNIC20260116011305.0050524s1933 beia grp 000 0 eng  ac000a297.4bSCH aScherer, George aO Youth Being a Translation of Al-Ghazali`s Ayyuha`l-Walad. aBeirutbAmerican Pressc1933 a109p. aincludes index and biblioraphy2 aIndex